[Event "Dubai op-B 23rd"]
[Site "Dubai"]
[Date "2023.06.02"]
[Round "7"]
[White "Alyeldin, Mohamed"]
[Black "Boshra, Alshaeby"]
[Result "1/2-1/2"]
[WhiteElo "2170"]
[BlackElo "1841"]
[PlyCount "98"]
[EventDate "2023.05.27"]
[EventType "swiss"]
[EventRounds "9"]
[EventCountry "UAE"]
[SourceTitle "CBM 214 Extra"]
[Source "ChessBase"]
[SourceDate "2023.07.31"]
[SourceVersion "1"]
[SourceVersionDate "2023.07.31"]
[SourceQuality "1"]

1. e4 c6 2. d4 d5 3. e5 Bf5 4. Nd2 e6 5. Nb3 Nd7 6. Nf3 h6 7. Be2 Ne7 8. 0-0 g5 9. a4 a5 10. Bd2 Bg7 11. Ne1 Qc7 12. Nd3 b6 13. f4 c5 14. dxc5 bxc5 15. Ne1 gxf4 16. Bxf4 Ng6 17. Bg3 0-0 18. Bg4 Bxg4 19. Qxg4 Ndxe5 20. Qh5 Qe7 21. Bf2 d4 22. Nd3 Nxd3 23. cxd3 Rfb8 24. Nxc5 Rxb2 25. Ne4 Rc8 26. Qxa5 f5 27. Ng3 Qb7 28. Nh5 Rcc2 29. Rae1 e5 30. Qd8+ Kh7 31. Nf6+ Bxf6 32. Qxf6 Qd7 33. Rc1 Rxc1 34. Rxc1 Nf4 35. Rd1 Nxd3 36. Rxd3 Rb1+ 37. Be1 Rxe1+ 38. Kf2 Re3 39. Rxe3 dxe3+ 40. Kxe3 Qd4+ 41. Ke2 Qe4+ 42. Kf2 Qf4+ 43. Ke2 Qg4+ 44. Kf2 Qd4+ 45. Ke2 Qb2+ 46. Ke1 Qc1+ 47. Ke2 Qc2+ 48. Ke1 Qc1+ 49. Ke2 Qc2+ 1/2-1/2

[Event "Dubai op-B 23rd"]
[Site "Dubai"]
[Date "2023.05.31"]
[Round "5"]
[White "Boshra, Alshaeby"]
[Black "Fernandez, Dandel"]
[Result "1/2-1/2"]
[WhiteElo "1841"]
[BlackElo "2001"]
[PlyCount "141"]
[EventDate "2023.05.27"]
[EventType "swiss"]
[EventRounds "9"]
[EventCountry "UAE"]
[SourceTitle "CBM 214 Extra"]
[Source "ChessBase"]
[SourceDate "2023.07.31"]
[SourceVersion "1"]
[SourceVersionDate "2023.07.31"]
[SourceQuality "1"]

1. e4 e5 2. Nf3 Nc6 3. Bb5 a6 4. Ba4 Nf6 5. 0-0 b5 6. Bb3 Be7 7. d3 0-0 8. h3 d5 9. exd5 Nxd5 10. Re1 Bf6 11. Nbd2 Re8 12. Ne4 Be7 13. a4 Rb8 14. axb5 axb5 15. Bg5 f6 16. Be3 Be6 17. Ra6 Qd7 18. Nc5 Bxc5 19. Bxc5 Ndb4 20. Bxe6+ Rxe6 21. Bxb4 Nxb4 22. Rxe6 Qxe6 23. Qe2 Qd5 24. Ra1 Rd8 25. Ra3 Rd6 26. Nh4 Nc6 27. Nf5 Nd4 28. Qh5 g6 29. Ne7+ Kg7 30. Nxd5 gxh5 31. Ne3 Rc6 32. c3 Ne2+ 33. Kh2 Nf4 34. c4 b4 35. Rb3 Rb6 36. g3 Ne6 37. Nd5 Nc5 38. Rxb4 Nxd3 39. Rxb6 cxb6 40. Nxb6 Kf7 41. Na4 Nxf2 42. b4 Nd3 43. b5 Ke7 44. c5 Kd7 45. Kg2 f5 46. Kf3 h4 47. gxh4 Ne1+ 48. Kf2 Nd3+ 49. Kg3 f4+ 50. Kf3 Ne1+ 51. Kf2 Nd3+ 52. Kf3 Ne1+ 53. Ke4 f3 54. Nb6+ Kd8 55. Nc4 f2 56. Nd2 Kc7 57. Nf1 Ng2 58. Kxe5 Nxh4 59. Kf4 Ng6+ 60. Kg5 Ne5 61. Kh6 Nd3 62. c6 Nf4 63. h4 Ng6 64. h5 Nf4 65. Kg5 Nd5 66. Kh6 Nf6 67. Ng3 Ne4 68. Nf1 Nf6 69. Kg5 Nd5 70. Kf5 Kd6 71. Ke4 1/2-1/2

[Event "Dubai op-B 23rd"]
[Site "Dubai"]
[Date "2023.05.27"]
[Round "1"]
[White "Boshra, Alshaeby"]
[Black "Mesfer, Al Mesafri"]
[Result "1-0"]
[WhiteElo "1841"]
[BlackElo "1202"]
[PlyCount "71"]
[EventDate "2023.05.27"]
[EventType "swiss"]
[EventRounds "9"]
[EventCountry "UAE"]
[SourceTitle "CBM 214 Extra"]
[Source "ChessBase"]
[SourceDate "2023.07.31"]
[SourceVersion "1"]
[SourceVersionDate "2023.07.31"]
[SourceQuality "1"]

1. e4 d5 2. exd5 Qxd5 3. Nc3 Qa5 4. g3 Nf6 5. Bg2 c6 6. Nf3 Bf5 7. 0-0 e6 8. Rb1 Qc7 9. b4 a6 10. a4 Nd5 11. Nd4 Bg6 12. Na2 Be7 13. d3 e5 14. Nf3 0-0 15. c4 Nb6 16. Bb2 Bf6 17. Re1 N8d7 18. a5 Nc8 19. Nc3 Nd6 20. Qe2 Rfe8 21. c5 Nb5 22. Nxb5 axb5 23. Nd2 Bd8 24. h4 f5 25. h5 Bf7 26. Bh3 Be6 27. Nf3 Bf6 28. Qe3 f4 29. Bxe6+ Rxe6 30. gxf4 Rae8 31. f5 R6e7 32. Qe4 Nb8 33. Kh1 Kh8 34. Rg1 Rg8 35. Rg3 Na6 36. Rbg1 1-0

[Event "Riadh Rapid op"]
[Site "Riadh"]
[Date "2023.03.17"]
[Round "2"]
[White "Bellahcene, Bilel"]
[Black "Boshra, Alshaeby"]
[Result "1-0"]
[WhiteElo "2481"]
[BlackElo "1880"]
[PlyCount "69"]
[EventDate "2023.03.17"]
[EventType "swiss (rapid)"]
[EventRounds "9"]
[EventCountry "SAU"]
[SourceTitle "CBM 213 Extra"]
[Source "ChessBase"]
[SourceDate "2023.05.31"]
[SourceVersion "1"]
[SourceVersionDate "2023.05.31"]
[SourceQuality "1"]

1. e4 c6 2. d4 d5 3. e5 Bf5 4. g4 Be4 5. f3 Bg6 6. h4 h5 7. Bg5 Qb6 8. Nc3 Qxb2 9. Nge2 Bxc2 10. Qc1 Qxc1+ 11. Rxc1 Bg6 12. Nxd5 Na6 13. Ndf4 hxg4 14. Nxg6 fxg6 15. Nf4 e6 16. Bxa6 Bb4+ 17. Kf2 g3+ 18. Kxg3 bxa6 19. Rxc6 Nh6 20. Rxe6+ Kf7 21. Bxh6 Rxh6 22. Rc1 Rf8 23. Rxa6 g5 24. Rxa7+ Kg8 25. hxg5 Bd2 26. gxh6 Bxf4+ 27. Kf2 Bxc1 28. Rxg7+ Kh8 29. Rd7 Bf4 30. e6 Ra8 31. e7 Rxa2+ 32. Kf1 Ra1+ 33. Ke2 Ra2+ 34. Kd3 Ra3+ 35. Ke4 1-0

[Event "Sharjah Cup (Women) 12th"]
[Site "Sharjah"]
[Date "2022.12.14"]
[Round "7"]
[White "Aisha, Mohamed Al Muaini"]
[Black "Boshra, Alshaeby"]
[Result "1-0"]
[WhiteElo "1505"]
[BlackElo "1937"]
[PlyCount "95"]
[EventDate "2022.12.09"]
[EventType "swiss"]
[EventRounds "9"]
[EventCountry "UAE"]
[SourceTitle "CBM 211 Extra"]
[Source "ChessBase"]
[SourceDate "2023.01.31"]
[SourceVersion "1"]
[SourceVersionDate "2023.01.31"]
[SourceQuality "1"]

1. e4 c6 2. Nf3 d5 3. Nc3 Bg4 4. h3 Bxf3 5. Qxf3 e6 6. g3 Nd7 7. d3 Ngf6 8. Bg2 Bc5 9. 0-0 a5 10. a4 Qb6 11. Qe2 0-0 12. Kh1 dxe4 13. dxe4 Qa6 14. Qxa6 Rxa6 15. Bd2 Rb8 16. Ne2 Rba8 17. b3 e5 18. f3 b5 19. Rfd1 Nb6 20. axb5 cxb5 21. Bf1 b4 22. c3 Kf8 23. Nc1 R6a7 24. Nd3 bxc3 25. Bxc3 Bd4 26. Bxd4 exd4 27. Ne5 a4 28. Nc6 Rc7 29. Nxd4 Nh5 30. Kh2 a3 31. Rd2 Rc3 32. Rda2 Rd8 33. Rd1 Rxb3 34. Ne6+ fxe6 35. Rxd8+ Ke7 36. Rd3 Rb1 37. Be2 Nc4 38. Rc3 Nd6 39. Rcxa3 e5 40. Kg2 g6 41. Ra7+ Ke6 42. Rxh7 Re1 43. Kf2 Rh1 44. Kg2 Re1 45. h4 Kf6 46. Bc4 Ng7 47. Ra6 Nge8 48. Rf7# 1-0

[Event "Sharjah Cup (Women) 12th"]
[Site "Sharjah"]
[Date "2022.12.13"]
[Round "6"]
[White "Boshra, Alshaeby"]
[Black "Kejzar, Petra"]
[Result "0-1"]
[WhiteElo "1937"]
[BlackElo "2153"]
[PlyCount "76"]
[EventDate "2022.12.09"]
[EventType "swiss"]
[EventRounds "9"]
[EventCountry "UAE"]
[SourceTitle "CBM 211 Extra"]
[Source "ChessBase"]
[SourceDate "2023.01.31"]
[SourceVersion "1"]
[SourceVersionDate "2023.01.31"]
[SourceQuality "1"]

1. e4 c5 2. Nf3 Nc6 3. Bb5 e6 4. Bxc6 dxc6 5. d3 Bd6 6. Nbd2 Ne7 7. Nc4 Bc7 8. Be3 b6 9. h4 Ba6 10. h5 Bxc4 11. dxc4 Qxd1+ 12. Rxd1 Ng8 13. h6 Nxh6 14. Bxh6 gxh6 15. Rxh6 Ke7 16. Ke2 Rag8 17. g3 b5 18. Rh5 Rg4 19. Ng5 f6 20. Nxh7 Rxe4+ 21. Kf3 Rxc4 22. Nxf6 Rxh5 23. Nxh5 Rxc2 24. g4 Be5 25. g5 Bxb2 26. Ng3 Bd4 27. Ne4 Rxa2 28. Rh1 c4 29. Rh7+ Kd8 30. g6 c3 31. Ng5 Kc8 32. Nxe6 Be5 33. Rc7+ Kb8 34. Rxc6 c2 35. Ke4 Ba1 36. Kd3 Ra6 37. Nd8 Rxc6 38. Nxc6+ Kc7 0-1

[Event "Sharjah Cup (Women) 12th"]
[Site "Sharjah"]
[Date "2022.12.09"]
[Round "1"]
[White "Prithya, Ravichandran"]
[Black "Boshra, Alshaeby"]
[Result "0-1"]
[WhiteElo "1081"]
[BlackElo "1937"]
[PlyCount "136"]
[EventDate "2022.12.09"]
[EventType "swiss"]
[EventRounds "9"]
[EventCountry "UAE"]
[SourceTitle "CBM 211 Extra"]
[Source "ChessBase"]
[SourceDate "2023.01.31"]
[SourceVersion "1"]
[SourceVersionDate "2023.01.31"]
[SourceQuality "1"]

1. d4 d5 2. Nf3 Nf6 3. e3 c5 4. Bd3 c4 5. Be2 Nc6 6. 0-0 Bf5 7. b3 b5 8. Nc3 a6 9. Ne5 Nb4 10. e4 Nxe4 11. Nxe4 Bxe4 12. c3 f6 13. cxb4 fxe5 14. dxe5 e6 15. Bd2 Be7 16. Bg4 Qb6 17. Re1 0-0 18. Be3 Qc6 19. Bc5 Bxc5 20. bxc5 Qxc5 21. Bxe6+ Kh8 22. Re2 Bd3 23. Rd2 Rae8 24. bxc4 bxc4 25. Bg4 Rxe5 26. Bf3 Be4 27. Bxe4 Rxe4 28. Rxd5 Qxf2+ 29. Kh1 Re2 30. Qg1 Qf7 31. Rd6 Rf2 32. h3 h6 33. Rxa6 c3 34. Rc6 c2 35. Kh2 Qf4+ 36. Kh1 Qe4 37. Rc3 Qd4 38. Rxc2 Qh4 39. Rxf2 Rxf2 40. a4 Rf6 41. a5 Qc4 42. Qd1 Qa6 43. Qd8+ Kh7 44. Rb1 Rf5 45. Ra1 Rf6 46. Qd2 Re6 47. Rb1 Re2 48. Qd5 Qg6 49. Rb6 Qg3 50. Rb1 Re5 51. Qa2 Qg6 52. Rb6 Qf5 53. Ra6 Re1+ 54. Kh2 Qe5+ 55. g3 Re2+ 56. Qxe2 Qxe2+ 57. Kg1 Qxa6 58. Kf2 Qxa5 59. Kf3 Qa4 60. g4 g5 61. Kg3 Kg7 62. h4 Qb3+ 63. Kh2 Kf6 64. h5 Ke5 65. Kg2 Kf4 66. Kg1 Qc2 67. Kh1 Kg3 68. Kg1 Qg2# 0-1

[Event "Mentese Flowers (Women)"]
[Site "Mentese"]
[Date "2022.02.07"]
[Round "3"]
[White "Boshra, Alshaeby"]
[Black "Ahmad, Al Khatib"]
[Result "0-1"]
[WhiteElo "1911"]
[BlackElo "2219"]
[PlyCount "52"]
[EventDate "2022.02.06"]
[EventType "schev"]
[EventRounds "10"]
[EventCountry "TUR"]
[SourceTitle "CBM 206 Extra"]
[Source "ChessBase"]
[SourceDate "2022.03.31"]
[SourceVersion "1"]
[SourceVersionDate "2022.03.31"]
[SourceQuality "1"]
[WhiteTeam "Red Team"]
[BlackTeam "Blue Team"]
[WhiteTeamCountry "TUR"]
[BlackTeamCountry "TUR"]

1. d4 d5 2. c4 c6 3. Nf3 g6 4. e3 Bg7 5. Nbd2 Nh6 6. Bd3 0-0 7. 0-0 Bf5 8. Qe2 Bxd3 9. Qxd3 Nf5 10. b3 dxc4 11. bxc4 c5 12. Bb2 Nc6 13. Nb3 cxd4 14. exd4 e5 15. Rad1 exd4 16. Nbxd4 Nfxd4 17. Nxd4 Ne5 18. Qb3 Qc7 19. Nb5 Qxc4 20. Qxc4 Nxc4 21. Bxg7 Kxg7 22. Rd7 Rab8 23. Rc1 Rfd8 24. Rxd8 Rxd8 25. Nxa7 Rd2 26. Rxc4 Rd1# 0-1

[Event "Mentese Flowers (Women)"]
[Site "Mentese"]
[Date "2022.02.06"]
[Round "1"]
[White "Boshra, Alshaeby"]
[Black "Darban Vaighani, Morteza"]
[Result "0-1"]
[WhiteElo "1911"]
[BlackElo "2263"]
[PlyCount "138"]
[EventDate "2022.02.06"]
[EventType "schev"]
[EventRounds "10"]
[EventCountry "TUR"]
[SourceTitle "CBM 206 Extra"]
[Source "ChessBase"]
[SourceDate "2022.03.31"]
[SourceVersion "1"]
[SourceVersionDate "2022.03.31"]
[SourceQuality "1"]
[WhiteTeam "Red Team"]
[BlackTeam "Blue Team"]
[WhiteTeamCountry "TUR"]
[BlackTeamCountry "TUR"]

1. e4 Nf6 2. e5 Nd5 3. c4 Nb6 4. a4 d6 5. a5 N6d7 6. e6 fxe6 7. d4 Na6 8. Bd3 Nf6 9. Nc3 c5 10. Nf3 cxd4 11. Nxd4 Nc5 12. Bb1 e5 13. Nf3 e4 14. Nd4 e5 15. Nde2 Bf5 16. 0-0 Be7 17. Ng3 Bg6 18. Bg5 0-0 19. Bxf6 gxf6 20. Ngxe4 f5 21. Nxc5 dxc5 22. Qd5+ Qxd5 23. Nxd5 Bd6 24. a6 b6 25. Bc2 Rad8 26. Ba4 e4 27. Bc6 Be8 28. Bb7 b5 29. b3 b4 30. Rfd1 Bh5 31. Re1 Kf7 32. Ra5 Rg8 33. Kf1 Rg6 34. Nxb4 Rdg8 35. g3 Bf3 36. Bd5+ Kf6 37. Bxg8 Rxg8 38. Nd5+ Ke5 39. Rc1 h5 40. b4 Kd4 41. Ne3 Rf8 42. Rc2 f4 43. gxf4 Be7 44. Ke1 Rg8 45. Kd2 Rf8 46. f5 Rb8 47. f6 Bd6 48. bxc5 Bf8 49. c6 Bb4+ 50. Kc1 Bxa5 51. Nd5 Bg4 52. Ra2 Be1 53. c7 Rc8 54. Rb2 Kxc4 55. Ne3+ Kd3 56. Rb7 Be6 57. Kd1 Bxf2 58. Ng2 Bc4 59. Nf4+ Ke3 60. Ng6 Bxa6 61. Rxa7 Be2+ 62. Kc1 Kf3 63. Ne7 Bxa7 64. Nxc8 Be3+ 65. Kb1 Bd3+ 66. Ka2 Bc4+ 67. Kb1 Bc5 68. Nd6 Be6 69. f7 Bxd6 0-1

[Event "Mentese Flowers (Women)"]
[Site "Mentese"]
[Date "2022.02.06"]
[Round "2"]
[White "Kirilmaz, Emre"]
[Black "Boshra, Alshaeby"]
[Result "1-0"]
[WhiteElo "2229"]
[BlackElo "1911"]
[PlyCount "97"]
[EventDate "2022.02.06"]
[EventType "schev"]
[EventRounds "10"]
[EventCountry "TUR"]
[SourceTitle "CBM 206 Extra"]
[Source "ChessBase"]
[SourceDate "2022.03.31"]
[SourceVersion "1"]
[SourceVersionDate "2022.03.31"]
[SourceQuality "1"]
[WhiteTeam "Blue Team"]
[BlackTeam "Red Team"]
[WhiteTeamCountry "TUR"]
[BlackTeamCountry "TUR"]

1. d4 Nf6 2. Nf3 g6 3. Bg5 Bg7 4. Nbd2 0-0 5. c3 d6 6. e4 c5 7. dxc5 dxc5 8. Bc4 h6 9. Bh4 Nh5 10. Bg3 Nc6 11. Qe2 a6 12. Qe3 b6 13. 0-0-0 Bb7 14. e5 Na5 15. e6 f5 16. Be5 Nf6 17. Bxf6 Rxf6 18. Ne4 fxe4 19. Rxd8+ Rxd8 20. Nd2 Nxc4 21. Nxc4 Rxe6 22. Rd1 Rxd1+ 23. Kxd1 Bd5 24. Nd2 c4 25. Qf4 b5 26. Qb8+ Kf7 27. Nf1 Be5 28. Qa7 e3 29. Nxe3 Be4 30. g3 Bf3+ 31. Kc1 Rd6 32. Qc5 Bf6 33. a4 Bc6 34. f4 h5 35. g4 h4 36. g5 Bg7 37. f5 Bd7 38. f6 Bf8 39. fxe7 Bxe7 40. Qe5 h3 41. Nd5 Bf8 42. Qf4+ Kg7 43. Nf6 Bc6 44. Qe5 Kf7 45. Ng4 Be7 46. Nh6+ Ke8 47. Ng8 Rd7 48. Qe6 Rc7 49. Nxe7 1-0

[Event "Marmaris Karya 14th"]
[Site "Marmaris"]
[Date "2022.02.04"]
[Round "7.1"]
[White "Boshra, Alshaeby"]
[Black "Mammadov, Zaur Fazahir Oglu"]
[Result "0-1"]
[WhiteElo "1911"]
[BlackElo "2417"]
[PlyCount "72"]
[EventDate "2022.02.01"]
[EventType "schev"]
[EventRounds "10"]
[EventCountry "TUR"]
[SourceTitle "CBM 206 Extra"]
[Source "ChessBase"]
[SourceDate "2022.03.31"]
[SourceVersion "1"]
[SourceVersionDate "2022.03.31"]
[SourceQuality "1"]
[WhiteTeam "Black Team"]
[BlackTeam "White Team"]
[WhiteTeamCountry "TUR"]
[BlackTeamCountry "AZE"]

1. e4 c6 2. d4 d5 3. e5 Bf5 4. Nd2 e6 5. Nb3 Nd7 6. Nf3 h6 7. Be2 Ne7 8. 0-0 Qc7 9. a4 g5 10. Bd2 Ng6 11. Ne1 Nf4 12. Bxf4 gxf4 13. Bd3 Bxd3 14. Nxd3 h5 15. Nxf4 0-0-0 16. Qe1 c5 17. c4 dxc4 18. Na5 Bh6 19. Ne2 Nb6 20. Nc3 a6 21. Ne4 cxd4 22. f4 d3 23. Qc3 Kb8 24. b4 Bf8 25. Rfb1 Rg8 26. Nf6 Rg6 27. Ra2 Rxf6 28. exf6 Qxf4 29. Rd1 Bd6 30. g3 Qg4 31. Qd2 Be5 32. Rf1 c3 33. Qg2 Rd7 34. b5 d2 35. Nc6+ bxc6 36. Qxc6 Qd4+ 0-1

[Event "Marmaris Karya 14th"]
[Site "Marmaris"]
[Date "2022.02.02"]
[Round "3.1"]
[White "Boshra, Alshaeby"]
[Black "Sibashvili, Giorgi"]
[Result "1/2-1/2"]
[WhiteElo "1911"]
[BlackElo "2399"]
[PlyCount "89"]
[EventDate "2022.02.01"]
[EventType "schev"]
[EventRounds "10"]
[EventCountry "TUR"]
[SourceTitle "CBM 206 Extra"]
[Source "ChessBase"]
[SourceDate "2022.03.31"]
[SourceVersion "1"]
[SourceVersionDate "2022.03.31"]
[SourceQuality "1"]
[WhiteTeam "Black Team"]
[BlackTeam "White Team"]
[WhiteTeamCountry "TUR"]
[BlackTeamCountry "AZE"]

1. e4 c5 2. Nf3 Nc6 3. Nc3 g6 4. d4 cxd4 5. Nxd4 Bg7 6. Be3 Nf6 7. Bc4 0-0 8. Bb3 Ng4 9. Qxg4 Nxd4 10. Qd1 Nxb3 11. axb3 f5 12. Bd4 Bh6 13. Qd3 d6 14. 0-0 fxe4 15. Nxe4 Bf5 16. Qe2 a6 17. c4 Bxe4 18. Qxe4 Qd7 19. Rfe1 Rae8 20. g3 Rf5 21. Rad1 Kf8 22. Bc3 Bg7 23. Rd3 Bxc3 24. bxc3 Kg8 25. f4 b5 26. Rde3 Kf7 27. Qd4 Qc6 28. g4 Rf6 29. Rh3 h5 30. f5 gxf5 31. Rxh5 Rg8 32. g5 e5 33. Qa7+ Ke6 34. Kf2 Rfg6 35. h4 bxc4 36. Rh7 Qc5+ 37. Qxc5 dxc5 38. Ra1 cxb3 39. c4 f4 40. Kf3 Ra8 41. Ra3 Kf5 42. Rf7+ Ke6 43. Rh7 Kf5 44. Rf7+ Ke6 45. Rb7 1/2-1/2

[Event "Marmaris Karya 14th"]
[Site "Marmaris"]
[Date "2022.02.01"]
[Round "2.1"]
[White "Mammadov, Zaur Fazahir Oglu"]
[Black "Boshra, Alshaeby"]
[Result "1-0"]
[WhiteElo "2417"]
[BlackElo "1911"]
[PlyCount "59"]
[EventDate "2022.02.01"]
[EventType "schev"]
[EventRounds "10"]
[EventCountry "TUR"]
[SourceTitle "CBM 206 Extra"]
[Source "ChessBase"]
[SourceDate "2022.03.31"]
[SourceVersion "1"]
[SourceVersionDate "2022.03.31"]
[SourceQuality "1"]
[WhiteTeam "White Team"]
[BlackTeam "Black Team"]
[WhiteTeamCountry "AZE"]
[BlackTeamCountry "TUR"]

1. d4 Nf6 2. Nf3 g6 3. Nbd2 d5 4. e3 Bg7 5. b4 a5 6. b5 a4 7. c4 c6 8. bxc6 bxc6 9. Bd3 Nbd7 10. Ba3 0-0 11. 0-0 Re8 12. cxd5 cxd5 13. Qe2 Qa5 14. Rab1 Ba6 15. Rfc1 Bf8 16. Ne1 e5 17. Bxf8 Kxf8 18. dxe5 Nxe5 19. Ndf3 Nxd3 20. Nxd3 Ne4 21. Qb2 Kg8 22. Nde5 h5 23. Nc6 Qc7 24. Nb4 Qd8 25. Ne5 a3 26. Qd4 Qf6 27. f4 Qh4 28. Nxd5 Qf2+ 29. Kh1 Nd2 30. Nf6+ 1-0

[Event "Marmaris Karya 13th"]
[Site "Marmaris"]
[Date "2022.01.31"]
[Round "10.4"]
[White "Boshra, Alshaeby"]
[Black "Ozsakallioglu, Okan"]
[Result "1/2-1/2"]
[WhiteElo "1985"]
[BlackElo "2237"]
[PlyCount "62"]
[EventDate "2022.01.27"]
[EventType "schev"]
[EventRounds "10"]
[EventCountry "TUR"]
[SourceTitle "CBM 206 Extra"]
[Source "ChessBase"]
[SourceDate "2022.03.31"]
[SourceVersion "1"]
[SourceVersionDate "2022.03.31"]
[SourceQuality "1"]
[WhiteTeam "White"]
[BlackTeam "Red Team"]
[WhiteTeamCountry "UAE"]
[BlackTeamCountry "TUR"]

1. e4 g6 2. d4 Bg7 3. Nc3 d6 4. Be3 c6 5. a4 Nd7 6. Nf3 Ngf6 7. h3 e5 8. dxe5 dxe5 9. Bc4 0-0 10. Qd2 Qe7 11. Qe2 Nc5 12. Nd2 Ne6 13. Bxe6 Bxe6 14. Nb3 b6 15. a5 Nd7 16. 0-0 f5 17. f3 Qf7 18. Rfd1 Nf6 19. axb6 axb6 20. Bxb6 Bxb3 21. cxb3 Qxb3 22. Bc5 Rxa1 23. Rxa1 Re8 24. Ra3 Qe6 25. b4 Nh5 26. Qa2 Nf4 27. Qxe6+ Nxe6 28. Ra6 Nd4 29. Kf2 Bf8 30. Ne2 fxe4 31. fxe4 Nc2 1/2-1/2

[Event "Marmaris Karya 13th"]
[Site "Marmaris"]
[Date "2022.01.28"]
[Round "4.5"]
[White "Boshra, Alshaeby"]
[Black "Ahmad, Al Khatib"]
[Result "0-1"]
[WhiteElo "1985"]
[BlackElo "2226"]
[PlyCount "54"]
[EventDate "2022.01.27"]
[EventType "schev"]
[EventRounds "10"]
[EventCountry "TUR"]
[SourceTitle "CBM 206 Extra"]
[Source "ChessBase"]
[SourceDate "2022.03.31"]
[SourceVersion "1"]
[SourceVersionDate "2022.03.31"]
[SourceQuality "1"]
[WhiteTeam "White"]
[BlackTeam "Red Team"]
[WhiteTeamCountry "UAE"]
[BlackTeamCountry "TUR"]

1. e4 c5 2. Nc3 e6 3. Nf3 d5 4. exd5 exd5 5. Bb5+ Nc6 6. 0-0 Nf6 7. Bxc6+ bxc6 8. d4 cxd4 9. Qxd4 c5 10. Qa4+ Bd7 11. Qa6 Qb6 12. Qxb6 axb6 13. Re1+ Be6 14. Bf4 Be7 15. Rad1 0-0 16. h3 d4 17. Nb5 Rxa2 18. Nc7 Nd5 19. Bh2 Nxc7 20. Bxc7 Rxb2 21. Rb1 Rxb1 22. Rxb1 Bd8 23. Bxd8 Rxd8 24. Rxb6 Bf5 25. Rc6 Bxc2 26. Rxc5 d3 27. Ne5 d2 0-1

[Event "Marmaris Karya 12th"]
[Site "Marmaris"]
[Date "2022.01.26"]
[Round "10.1"]
[White "Boshra, Alshaeby"]
[Black "Koseoglu, Osman Ogul"]
[Result "1-0"]
[WhiteElo "1985"]
[BlackElo "1733"]
[PlyCount "49"]
[EventDate "2022.01.22"]
[EventType "schev"]
[EventRounds "10"]
[EventCountry "TUR"]
[SourceTitle "CBM 206 Extra"]
[Source "ChessBase"]
[SourceDate "2022.03.31"]
[SourceVersion "1"]
[SourceVersionDate "2022.03.31"]
[SourceQuality "1"]
[WhiteTeam "White"]
[BlackTeam "Blue Team"]
[WhiteTeamCountry "UAE"]
[BlackTeamCountry "TUR"]

1. e4 c5 2. Nf3 Nc6 3. Nc3 e5 4. Bc4 Be7 5. 0-0 Nf6 6. Ng5 0-0 7. d3 d6 8. f4 Bg4 9. Qe1 Nd4 10. Qh4 h6 11. Nxf7 Rxf7 12. Bxf7+ Kxf7 13. fxe5 Be2 14. Nxe2 Nxe2+ 15. Kh1 dxe5 16. Qh5+ Kg8 17. Qxe2 Qd6 18. Bd2 Rd8 19. Rf2 Nh7 20. Raf1 Qg6 21. Rf5 Bd6 22. R1f3 Rf8 23. Rg3 Qe6 24. Qg4 Rf7 25. h4 1-0

[Event "Arab-ch (Women)"]
[Site "Abu Dhabi"]
[Date "2021.12.03"]
[Round "9"]
[White "Rouda Essa, Alserkal"]
[Black "Boshra, Alshaeby"]
[Result "0-1"]
[WhiteElo "1666"]
[BlackElo "2033"]
[PlyCount "58"]
[EventDate "2021.11.26"]
[EventType "swiss"]
[EventRounds "9"]
[EventCountry "UAE"]
[SourceTitle "CBM 205 Extra"]
[Source "ChessBase"]
[SourceDate "2022.01.31"]
[SourceVersion "1"]
[SourceVersionDate "2022.01.31"]
[SourceQuality "1"]

1. e4 c5 2. Nf3 Nc6 3. c3 Nf6 4. e5 Nd5 5. d4 cxd4 6. cxd4 d6 7. Bc4 Nb6 8. Bb5 Bd7 9. exd6 e6 10. Bf4 Nd5 11. Bg3 Qa5+ 12. Nc3 Nxc3 13. bxc3 Qxb5 14. Rb1 Qa6 15. d5 exd5 16. Qxd5 0-0-0 17. Ng5 Re8+ 18. Kd1 Qa5 19. Qxf7 b6 20. Nf3 Re6 21. Nd4 Nxd4 22. cxd4 Ba4+ 23. Rb3 Bxb3+ 24. axb3 Qa1+ 25. Kc2 Qa2+ 26. Kc1 Rxd6 27. Qe8+ Kb7 28. Bxd6 Bxd6 29. Qxh8 Bf4+ 0-1

[Event "Online Olym Div3 B"]
[Site "Chess.com INT"]
[Date "2021.08.27"]
[Round "3.5"]
[White "Boshra, Alshaeby"]
[Black "Gelip, Ioana"]
[Result "0-1"]
[WhiteElo "2033"]
[BlackElo "2185"]
[PlyCount "156"]
[EventDate "2021.08.27"]
[EventType "team-tourn (rapid)"]
[EventRounds "9"]
[EventCountry "USA"]
[SourceTitle "CBM 204 Extra"]
[Source "ChessBase"]
[SourceDate "2021.11.30"]
[SourceVersion "1"]
[SourceVersionDate "2021.11.30"]
[SourceQuality "1"]
[WhiteTeam "Jordan"]
[BlackTeam "Ireland"]
[WhiteTeamCountry "JOR"]
[BlackTeamCountry "IRL"]

1. e4 e6 2. d4 d5 3. Nd2 c5 4. exd5 Qxd5 5. Ngf3 cxd4 6. Bc4 Qd8 7. 0-0 Nf6 8. Nb3 Nc6 9. Nbxd4 Nxd4 10. Nxd4 Bc5 11. Nb3 Qxd1 12. Rxd1 Bb6 13. Bf4 Bd7 14. a4 Ne4 15. Bg3 Rc8 16. Bd3 Nxg3 17. hxg3 Bc6 18. a5 Bd8 19. Nd4 Bd5 20. Nb5 0-0 21. Nxa7 Ra8 22. Nb5 Rxa5 23. Rxa5 Bxa5 24. Ra1 Bb6 25. b4 Bc6 26. c4 g6 27. c5 Bd8 28. Ra8 Bf6 29. Rxf8+ Kxf8 30. Na7 Bd5 31. b5 Bd4 32. c6 bxc6 33. Nxc6 Bc5 34. Kf1 Ke8 35. Ne5 f6 36. Nc4 Kd7 37. Nd2 Kc7 38. Ne4 Bd4 39. Ke2 Kb6 40. f3 Be5 41. f4 Bd4 42. Nd2 Bxg2 43. Nf3 Bc5 44. Bc4 Bh3 45. Nd2 Bf5 46. Kf3 Bc2 47. Bxe6 Kxb5 48. Bg8 h6 49. Ne4 Be7 50. Bf7 g5 51. fxg5 hxg5 52. Nc3+ Kc5 53. Nd5 Bd8 54. Ne3 Ba4 55. g4 Bc6+ 56. Kf2 Kd4 57. Bg8 Ke4 58. Nf5 Kf4 59. Be6 Bb6+ 60. Kf1 Bf3 61. Nh6 Be3 62. Ng8 Bd4 63. Nh6 Kg3 64. Nf5+ Kxg4 65. Nxd4+ Kg3 66. Nxf3 Kxf3 67. Bd7 g4 68. Bc6+ Kg3 69. Kg1 f5 70. Bd5 f4 71. Bc6 f3 72. Bd5 Kf4 73. Bc6 g3 74. Kf1 Ke3 75. Bxf3 Kxf3 76. Kg1 g2 77. Kh2 Kf2 78. Kh3 g1Q 0-1